Album - 24K Magic by Bruno Mars - Statistics

General Stats
  • This quiz has been taken 21 times
  • The average score is 8 of 9
Answer Stats
Songs % Correct
4 That's What I Like
100%
1 24K Magic
95%
2 Chunky
90%
5 Versace On The Floor
90%
7 Calling All My Lovelies
80%
3 Perm
80%
8 Finesse
75%
9 Too Good to Say Goodbye
75%
6 Straight Up & Down
65%
No matching quizzes found
Score Distribution
Percent of People with Each Score
Percentile by Number Answered
Your Score History
You have not taken this quiz